[Event "Cappelle op 25th"]
[Site "Cappelle la Grande"]
[Date "2009.03.02"]
[Round "3"]
[White "Degraeve, Jean Marc"]
[Black "Smirnov, Igor"]
[Result "1-0"]
[WhiteElo "2553"]
[BlackElo "2505"]
[PlyCount "43"]
[EventDate "2009.02.28"]
[EventType "swiss"]
[EventRounds "9"]
[EventCountry "FRA"]
[SourceTitle "CBM 129 Extra"]
[Source "ChessBase"]
[SourceDate "2009.05.05"]
[SourceVersion "2"]
[SourceVersionDate "2009.05.20"]
[SourceQuality "1"]

1. e4 d5 2. exd5 Qxd5 3. Nc3 Qd6 4. d4 Nf6 5. Nf3 c6 6. Ne5 Nbd7 7. Bf4 Nd5 8. Nxd5 Qxd5 9. Be2 Nxe5 10. Bxe5 Qxg2 11. Bf3 Qg6 12. Qe2 Qe6 13. d5 cxd5 14. 0-0-0 f6 15. Bxd5 Qxe5 16. Qc4 e6 17. Rhe1 Qxd5 18. Qxd5 Be7 19. Rxe6 Bxe6 20. Qxe6 Rd8 21. Rxd8+ Kxd8 22. Qe4 1-0

[Event "Cappelle op 25th"]
[Site "Cappelle la Grande"]
[Date "2009.03.01"]
[Round "2"]
[White "Smirnov, Igor"]
[Black "Savchenko, Stanislav"]
[Result "1-0"]
[WhiteElo "2505"]
[BlackElo "2572"]
[PlyCount "105"]
[EventDate "2009.02.28"]
[EventType "swiss"]
[EventRounds "9"]
[EventCountry "FRA"]
[SourceTitle "CBM 129 Extra"]
[Source "ChessBase"]
[SourceDate "2009.05.05"]
[SourceVersion "2"]
[SourceVersionDate "2009.05.20"]
[SourceQuality "1"]

1. e4 c5 2. Nf3 e6 3. d4 cxd4 4. Nxd4 Nc6 5. Nc3 a6 6. Be3 Nf6 7. Qd2 Ng4 8. Bg5 Qc7 9. h3 Nge5 10. Nb3 b5 11. 0-0-0 f6 12. Bf4 Be7 13. Bh2 0-0 14. f4 Nf7 15. g4 Na5 16. Kb1 Nc4 17. Bxc4 Qxc4 18. Qd3 Qc7 19. g5 b4 20. gxf6 Bxf6 21. e5 Be7 22. f5 Nxe5 23. Nd5 Nxd3 24. Nxe7+ Kh8 25. Bxc7 Nf2 26. fxe6 Nxd1 27. Rxd1 dxe6 28. Bd6 Bb7 29. Nc5 Bf3 30. Rf1 Rf6 31. Nd7 Bg2 32. Rg1 Rf1+ 33. Rxf1 Bxf1 34. Ne5 g6 35. h4 a5 36. c4 bxc3 37. bxc3 Kg7 38. c4 Rf8 39. c5 Bg2 40. c6 Be4+ 41. Kb2 Rf2+ 42. Kb3 a4+ 43. Ka3 Bxc6 44. N7xc6 Rf4 45. Be7 Re4 46. Nd3 Kf7 47. Ndb4 e5 48. Kxa4 Re2 49. Kb5 e4 50. a4 e3 51. Bc5 Re1 52. Ne5+ Ke6 53. Ned3 1-0

[Event "Evpatoria"]
[Site "Evpatoria"]
[Date "2008.12.??"]
[Round "?"]
[White "Smirnov, Igor"]
[Black "Ajrapetjan, Yuriy"]
[Result "1/2-1/2"]
[WhiteElo "2496"]
[BlackElo "2490"]
[PlyCount "51"]
[EventDate "2008.12.??"]
[EventType "tourn"]
[EventRounds "14"]
[EventCountry "UKR"]
[EventCategory "7"]
[SourceTitle "EXT 2010"]
[Source "ChessBase"]
[SourceDate "2010.11.25"]
[SourceVersion "1"]
[SourceVersionDate "2010.11.25"]
[SourceQuality "1"]

1. e4 e5 2. Nf3 Nc6 3. Bb5 a6 4. Ba4 Nf6 5. 0-0 Be7 6. Re1 b5 7. Bb3 d6 8. c3 0-0 9. d4 Bg4 10. d5 Na5 11. Bc2 c6 12. h3 Bh5 13. dxc6 Qc7 14. Nbd2 Rfd8 15. Qe2 Nxc6 16. Nf1 Rac8 17. Ng3 Nd4 18. cxd4 Qxc2 19. Nf5 Qxe2 20. Rxe2 Bxf3 21. gxf3 Kf8 22. Bg5 Ng8 23. Be3 Bf6 24. Rd1 Ne7 25. Nxe7 Kxe7 26. dxe5 1/2-1/2

[Event "Evpatoria"]
[Site "Evpatoria"]
[Date "2008.12.??"]
[Round "?"]
[White "Smirnov, Igor"]
[Black "Sevostianov, Pavel"]
[Result "1/2-1/2"]
[WhiteElo "2496"]
[BlackElo "2284"]
[PlyCount "41"]
[EventDate "2008.12.??"]
[EventType "tourn"]
[EventRounds "14"]
[EventCountry "UKR"]
[EventCategory "7"]
[SourceTitle "EXT 2010"]
[Source "ChessBase"]
[SourceDate "2010.11.25"]
[SourceVersion "1"]
[SourceVersionDate "2010.11.25"]
[SourceQuality "1"]

1. e4 e6 2. d4 d5 3. Nc3 dxe4 4. Nxe4 Nd7 5. Nf3 Ngf6 6. Nxf6+ Nxf6 7. g3 c5 8. Bg2 Bd7 9. 0-0 Bc6 10. c4 cxd4 11. Qxd4 Qxd4 12. Nxd4 Bxg2 13. Kxg2 Rc8 14. b3 Bc5 15. Nc2 0-0 16. Be3 Ne4 17. Rad1 Rfd8 18. Kf3 Bxe3 19. Kxe3 Nd6 20. Rd2 Nf5+ 21. Ke2 1/2-1/2

[Event "Geller Memorial op-A 4th"]
[Site "Odessa"]
[Date "2008.09.15"]
[Round "7"]
[White "Smirnov, Igor"]
[Black "Lushenkov, Mikhail M"]
[Result "1/2-1/2"]
[WhiteElo "2504"]
[BlackElo "2452"]
[PlyCount "45"]
[EventDate "2008.09.09"]
[EventType "swiss"]
[EventRounds "9"]
[EventCountry "UKR"]
[SourceTitle "CBM 126 Extra"]
[Source "ChessBase"]
[SourceDate "2008.11.05"]
[SourceVersion "1"]
[SourceVersionDate "2008.11.05"]
[SourceQuality "1"]

1. e4 e5 2. Nf3 Nc6 3. Bb5 a6 4. Ba4 Nf6 5. 0-0 b5 6. Bb3 Bb7 7. c3 Nxe4 8. d4 Na5 9. Bc2 exd4 10. Nxd4 c5 11. Bxe4 Bxe4 12. Re1 d5 13. f3 cxd4 14. fxe4 Be7 15. Qg4 0-0 16. Bh6 Bf6 17. e5 Re8 18. cxd4 Qb6 19. Be3 Be7 20. Nc3 Qe6 21. Qf3 Rad8 22. Ne2 Nc4 23. Nf4 1/2-1/2

[Event "Geller Memorial op-A 4th"]
[Site "Odessa"]
[Date "2008.09.12"]
[Round "4"]
[White "Dmitriev, Igor"]
[Black "Smirnov, Igor"]
[Result "1/2-1/2"]
[WhiteElo "2364"]
[BlackElo "2504"]
[PlyCount "87"]
[EventDate "2008.09.09"]
[EventType "swiss"]
[EventRounds "9"]
[EventCountry "UKR"]
[SourceTitle "CBM 126 Extra"]
[Source "ChessBase"]
[SourceDate "2008.11.05"]
[SourceVersion "1"]
[SourceVersionDate "2008.11.05"]
[SourceQuality "1"]

1. d4 Nf6 2. g3 e6 3. Bg2 d5 4. Nf3 Be7 5. c4 0-0 6. 0-0 c6 7. Nc3 Nbd7 8. cxd5 exd5 9. Ne1 Nb6 10. Nd3 Bf5 11. f3 Re8 12. b3 Bf8 13. Bb2 Rc8 14. Kh1 Nbd7 15. Qd2 Qe7 16. g4 Bxd3 17. Qxd3 Qe3 18. Qxe3 Rxe3 19. Rfc1 Rce8 20. Bf1 Bd6 21. Rc2 Nf8 22. Nd1 R3e7 23. e3 h5 24. h3 hxg4 25. hxg4 Ng6 26. Kg2 Nh7 27. Kf2 Ng5 28. Bc1 Nh4 29. Bg2 Nxg2 30. Kxg2 f6 31. a4 Kf7 32. Ba3 Ke6 33. Bxd6 Kxd6 34. b4 Ne6 35. Rac1 Nc7 36. Kg3 Rh8 37. Rh2 Rxh2 38. Kxh2 Re8 39. Kg3 Na6 40. Rb1 Nb8 41. Kf2 Rh8 42. Kg2 Re8 43. Kf2 Rh8 44. Kg2 1/2-1/2

[Event "Gdansk op"]
[Site "Gdansk"]
[Date "2008.07.26"]
[Round "9"]
[White "Murdzia, Piotr"]
[Black "Smirnov, Igor"]
[Result "1/2-1/2"]
[WhiteElo "2481"]
[BlackElo "2504"]
[PlyCount "30"]
[EventDate "2008.07.19"]
[EventType "swiss"]
[EventRounds "9"]
[EventCountry "POL"]
[SourceTitle "EXT 2009"]
[Source "ChessBase"]
[SourceDate "2008.11.26"]
[SourceVersion "1"]
[SourceVersionDate "2008.11.26"]
[SourceQuality "1"]

1. d4 Nf6 2. c4 d6 3. Nc3 Nbd7 4. Nf3 c6 5. e4 e5 6. Be2 Be7 7. 0-0 a6 8. Rb1 0-0 9. Qc2 Re8 10. Rd1 Qc7 11. b4 b6 12. a3 Bb7 13. Bb2 exd4 14. Nxd4 Bf8 15. Nb3 d5 1/2-1/2

[Event "Lvov Vasylyshyn Memorial"]
[Site "Lvov"]
[Date "2007.11.09"]
[Round "13"]
[White "Kravtsiv, Martyn"]
[Black "Smirnov, Igor"]
[Result "1/2-1/2"]
[WhiteElo "2498"]
[BlackElo "2439"]
[PlyCount "113"]
[EventDate "2007.11.01"]
[EventType "tourn"]
[EventRounds "15"]
[EventCountry "UKR"]
[EventCategory "9"]
[SourceTitle "CBM 121 Extra"]
[Source "ChessBase"]
[SourceDate "2008.01.10"]
[SourceVersion "1"]
[SourceVersionDate "2008.01.10"]
[SourceQuality "1"]

1. e4 d5 2. exd5 Qxd5 3. Nc3 Qd6 4. d4 Nf6 5. Nf3 c6 6. Ne5 Nbd7 7. Bf4 Nd5 8. Nxd5 Qxd5 9. f3 Nxe5 10. Bxe5 Bf5 11. c3 e6 12. Qb3 Qxb3 13. axb3 a6 14. Bc4 f6 15. Bg3 h5 16. h4 Kd7 17. b4 Bd6 18. Bxd6 Kxd6 19. Kf2 Rae8 20. Rhe1 Re7 21. Re3 Rhe8 22. Rae1 Ra8 23. Bb3 Rae8 24. c4 Kd7 25. Kg3 Kd8 26. f4 Kc7 27. Kf2 Kd8 28. d5 exd5 29. cxd5 Rxe3 30. Rxe3 cxd5 31. Rxe8+ Kxe8 32. Bxd5 b6 33. Ke3 Kd7 34. Bf3 Bg6 35. Kd4 Kd6 36. Bd5 Be8 37. g3 Bg6 38. Bf3 Be8 39. Be2 Bf7 40. Bxa6 Bg6 41. Be2 Bf7 42. Bd3 Be8 43. Bh7 Bc6 44. Bg6 Bf3 45. Bf7 Bd1 46. Bc4 Bg4 47. Ke4 Bd1 48. Ke3 Bc2 49. Be2 Bg6 50. Kd4 Bf7 51. Bf3 Bg6 52. Kc4 Bf7+ 53. Kd4 Bg6 54. Be2 Bf7 55. Bd3 Be8 56. Bc2 Bf7 57. Bd3 1/2-1/2

[Event "Lvov Vasylyshyn Memorial"]
[Site "Lvov"]
[Date "2007.11.07"]
[Round "10"]
[White "Smirnov, Igor"]
[Black "Shimanov, Aleksandr"]
[Result "1/2-1/2"]
[WhiteElo "2439"]
[BlackElo "2447"]
[PlyCount "61"]
[EventDate "2007.11.01"]
[EventType "tourn"]
[EventRounds "15"]
[EventCountry "UKR"]
[EventCategory "9"]
[SourceTitle "CBM 121 Extra"]
[Source "ChessBase"]
[SourceDate "2008.01.10"]
[SourceVersion "1"]
[SourceVersionDate "2008.01.10"]
[SourceQuality "1"]

1. e4 c5 2. Nf3 e6 3. d4 cxd4 4. Nxd4 a6 5. Bd3 Nf6 6. 0-0 Qc7 7. Qe2 d6 8. c4 g6 9. Nc3 Bg7 10. Nf3 0-0 11. Bf4 Nc6 12. Rac1 Nd7 13. Rfd1 Nde5 14. Qe3 Re8 15. Be2 Nxf3+ 16. Bxf3 e5 17. Nd5 Qd8 18. Bg5 f6 19. Bh4 Nd4 20. h3 Be6 21. Bg4 Bxd5 22. cxd5 Qb6 23. b3 Qa5 24. Rd2 f5 25. exf5 gxf5 26. b4 Qxb4 27. Rc7 fxg4 28. Rxg7+ Kxg7 29. Qg5+ Kh8 30. Qf6+ Kg8 31. Qg5+ 1/2-1/2

[Event "Lvov Vasylyshyn Memorial"]
[Site "Lvov"]
[Date "2007.11.05"]
[Round "7"]
[White "Melkumyan, Hrant"]
[Black "Smirnov, Igor"]
[Result "0-1"]
[WhiteElo "2469"]
[BlackElo "2439"]
[PlyCount "94"]
[EventDate "2007.11.01"]
[EventType "tourn"]
[EventRounds "15"]
[EventCountry "UKR"]
[EventCategory "9"]
[SourceTitle "CBM 121 Extra"]
[Source "ChessBase"]
[SourceDate "2008.01.10"]
[SourceVersion "1"]
[SourceVersionDate "2008.01.10"]
[SourceQuality "1"]

1. d4 Nf6 2. c4 d6 3. Nf3 Nbd7 4. Nc3 c6 5. e4 e5 6. Be2 Be7 7. 0-0 a6 8. Rb1 0-0 9. b4 Qc7 10. Qc2 Re8 11. Be3 b6 12. Rfc1 exd4 13. Nxd4 Bb7 14. b5 cxb5 15. cxb5 Nxe4 16. bxa6 Nxc3 17. Qxc3 Qxc3 18. Rxc3 Bxa6 19. Bf3 Rac8 20. Ra3 Bc4 21. Ra7 Ne5 22. Bb7 Rc7 23. Rxb6 Ng4 24. Rc6 Rxc6 25. Bxc6 Rb8 26. Bb7 Bd5 27. Nf5 Bf8 28. Ba6 Rb1+ 29. Bf1 g6 30. Ng3 Nxe3 31. fxe3 Bh6 32. Ra3 Rb2 33. Ne2 Bxa2 34. Nf4 Rd2 35. g3 Bg5 36. h4 Bf6 37. Rd3 Rxd3 38. Bxd3 Be5 39. Kf2 Kg7 40. Be4 f5 41. Bc6 Bb3 42. Be8 Kf6 43. Bc6 h6 44. Nd5+ Kg7 45. Nb4 g5 46. hxg5 hxg5 47. Nd3 Bc3 0-1

[Event "Geller Memorial op-A 3rd"]
[Site "Odessa"]
[Date "2007.09.15"]
[Round "8"]
[White "Smirnov, Igor"]
[Black "Firman, Nazar"]
[Result "1/2-1/2"]
[WhiteElo "2423"]
[BlackElo "2517"]
[PlyCount "83"]
[EventDate "2007.09.08"]
[EventType "swiss"]
[EventRounds "9"]
[EventCountry "UKR"]
[SourceTitle "CBM 120 Extra"]
[Source "ChessBase"]
[SourceDate "2007.11.01"]
[SourceVersion "1"]
[SourceVersionDate "2007.11.01"]
[SourceQuality "1"]

1. e4 g6 2. d4 Bg7 3. Nc3 a6 4. f4 b5 5. Nf3 Bb7 6. Bd3 d6 7. e5 c5 8. dxc5 dxe5 9. fxe5 Qc8 10. Qe2 Nd7 11. e6 fxe6 12. Be4 Bxc3+ 13. bxc3 Bxe4 14. Qxe4 Ngf6 15. Qxe6 Qxc5 16. Bd2 Rc8 17. Nd4 Qc4 18. Rf1 Qxe6+ 19. Nxe6 Rc6 20. Nd4 Rc4 21. 0-0-0 0-0 22. Rde1 e5 23. Nf3 e4 24. Ng5 Re8 25. Be3 Rxc3 26. Bd4 Rc6 27. Rf4 h6 28. Bxf6 Nxf6 29. Nxe4 Kg7 30. Kd2 Nd5 31. Rff1 Rec8 32. c3 Rd8 33. Kc2 b4 34. c4 Rxc4+ 35. Kb3 Nb6 36. Nd6 Rc3+ 37. Kb2 Kg8 38. Re6 Rc6 39. Rxg6+ Kh7 40. Rff6 Rcxd6 41. Rxh6+ Kg7 42. Rhg6+ 1/2-1/2

[Event "Geller Memorial op-A 3rd"]
[Site "Odessa"]
[Date "2007.09.09"]
[Round "2"]
[White "Smirnov, Igor"]
[Black "Grinev, Valeriy"]
[Result "1-0"]
[WhiteElo "2423"]
[BlackElo "2242"]
[PlyCount "109"]
[EventDate "2007.09.08"]
[EventType "swiss"]
[EventRounds "9"]
[EventCountry "UKR"]
[SourceTitle "CBM 120 Extra"]
[Source "ChessBase"]
[SourceDate "2007.11.01"]
[SourceVersion "1"]
[SourceVersionDate "2007.11.01"]
[SourceQuality "1"]

1. e4 c5 2. Nf3 e6 3. d4 cxd4 4. Nxd4 a6 5. Bd3 Bc5 6. Nb3 Be7 7. Qg4 g6 8. Qe2 d6 9. 0-0 Nd7 10. Na3 Qc7 11. Nc4 b6 12. f4 Bb7 13. Bd2 h5 14. Bc3 Ngf6 15. e5 Nd5 16. exd6 Nxc3 17. bxc3 Bxd6 18. Bxg6 Bc5+ 19. Nxc5 Qxc5+ 20. Rf2 Bd5 21. Bd3 Rg8 22. Ne3 Bb7 23. f5 h4 24. fxe6 fxe6 25. Ng4 e5 26. h3 b5 27. a4 Qxc3 28. Re1 0-0-0 29. axb5 axb5 30. Bxb5 Rxg4 31. hxg4 h3 32. Ba6 hxg2 33. Bxb7+ Kxb7 34. Qf3+ Qxf3 35. Rxf3 Rg8 36. Re4 Kc6 37. Kxg2 Kd5 38. Rb4 Kc5 39. Ra4 Nb6 40. Ra5+ Kb4 41. Rxe5 Rxg4+ 42. Kf2 Kc4 43. Re6 Nd5 44. Rc6+ Kb5 45. Rc8 Nb4 46. Rb3 Rc4 47. Rc3 Rh4 48. Kg3 Rd4 49. Rb8+ Ka4 50. Rc7 Ka5 51. Ra7+ Na6 52. Rb2 Rd6 53. Kf4 Rb6 54. Ra2+ Kb5 55. c4+ 1-0

[Event "Ilichevsk Sunny Pawn op"]
[Site "Ilichevsk"]
[Date "2007.07.29"]
[Round "9"]
[White "Peskov, Alexsey"]
[Black "Smirnov, Igor"]
[Result "0-1"]
[WhiteElo "2381"]
[BlackElo "2423"]
[PlyCount "68"]
[EventDate "2007.07.20"]
[EventType "swiss"]
[EventRounds "11"]
[EventCountry "UKR"]
[SourceTitle "CBM 119 Extra"]
[Source "ChessBase"]
[SourceDate "2007.09.04"]
[SourceVersion "1"]
[SourceVersionDate "2007.09.04"]
[SourceQuality "1"]

1. d4 Nf6 2. c4 d6 3. Nc3 Nbd7 4. e4 e5 5. Nf3 Be7 6. Be2 c6 7. 0-0 a6 8. Qc2 0-0 9. Rd1 Qc7 10. h3 b5 11. Be3 Bb7 12. a3 Rac8 13. Rac1 Rfe8 14. Qb1 Qb8 15. dxe5 dxe5 16. b4 c5 17. cxb5 cxb4 18. bxa6 Bxa6 19. Bxa6 Rxc3 20. a4 Bc5 21. Bxc5 Nxc5 22. Bb5 Rc8 23. Qxb4 Ncxe4 24. Qb2 h6 25. Re1 Nd5 26. Rcd1 Ndf6 27. Qb4 R3c4 28. Qe7 R4c5 29. Rd3 Qb6 30. Rf1 Rc2 31. Nxe5 Rxf2 32. Qxf7+ Kh8 33. Ng6+ Kh7 34. Rxf2 Qxf2+ 0-1

[Event "Ilichevsk Sunny Pawn op"]
[Site "Ilichevsk"]
[Date "2007.07.23"]
[Round "4"]
[White "Nyzhnyk, Illya"]
[Black "Smirnov, Igor"]
[Result "1/2-1/2"]
[WhiteElo "2341"]
[BlackElo "2423"]
[PlyCount "62"]
[EventDate "2007.07.20"]
[EventType "swiss"]
[EventRounds "11"]
[EventCountry "UKR"]
[SourceTitle "CBM 119 Extra"]
[Source "ChessBase"]
[SourceDate "2007.09.04"]
[SourceVersion "1"]
[SourceVersionDate "2007.09.04"]
[SourceQuality "1"]

1. e4 c5 2. Nf3 e6 3. c4 Nc6 4. Nc3 Nf6 5. Be2 Qb6 6. 0-0 Be7 7. d3 d6 8. h3 Bd7 9. Be3 Nd4 10. Qd2 0-0 11. Nh2 Bc6 12. f4 d5 13. e5 Nxe2+ 14. Nxe2 Nd7 15. cxd5 Bxd5 16. Nc3 Bc6 17. Nf3 Rad8 18. Qc2 Qa6 19. Ne4 b6 20. Rfd1 Qb7 21. Rac1 Nb8 22. Nfd2 Na6 23. a3 Nc7 24. Nc4 Nb5 25. Rf1 Bxe4 26. dxe4 Nd4 27. Bxd4 Rxd4 28. Rce1 Rfd8 29. f5 b5 30. Nd6 Bxd6 31. exd6 R4xd6 1/2-1/2

[Event "Ilichevsk Sunny Pawn op"]
[Site "Ilichevsk"]
[Date "2007.07.21"]
[Round "2"]
[White "Tyapkin, Vladimir"]
[Black "Smirnov, Igor"]
[Result "0-1"]
[WhiteElo "2104"]
[BlackElo "2423"]
[PlyCount "105"]
[EventDate "2007.07.20"]
[EventType "swiss"]
[EventRounds "11"]
[EventCountry "UKR"]
[SourceTitle "CBM 119 Extra"]
[Source "ChessBase"]
[SourceDate "2007.09.04"]
[SourceVersion "1"]
[SourceVersionDate "2007.09.04"]
[SourceQuality "1"]

1. d4 Nf6 2. Nf3 c6 3. c4 d6 4. Nc3 Nbd7 5. Bg5 h6 6. Bh4 g5 7. Bg3 Nh5 8. e3 Bg7 9. Bd3 Ndf6 10. Qc2 Bd7 11. 0-0-0 Qa5 12. Kb1 0-0-0 13. Nd2 Kb8 14. Nb3 Qc7 15. c5 Nxg3 16. cxd6 exd6 17. hxg3 Rdg8 18. Bf5 Ng4 19. Rd2 Qc8 20. Bxd7 Qxd7 21. e4 Qe6 22. Na5 c5 23. d5 Qd7 24. f3 Ne5 25. Qb3 Ka8 26. g4 Qc7 27. Nc4 Nxc4 28. Qxc4 a6 29. a4 Qa5 30. Rd3 Rb8 31. Nb5 Qb6 32. Nc3 Qa5 33. Nb5 Rhd8 34. Kc2 b6 35. Nc3 b5 36. axb5 axb5 37. Qa2 Qxa2 38. Nxa2 Kb7 39. Ra3 Ra8 40. Rxa8 Rxa8 41. Ra1 Ra4 42. Kb1 Rd4 43. Kc2 Rc4+ 44. Kb1 Kb6 45. Nc1 Rb4 46. Ra2 c4 47. Kc2 Be5 48. Ne2 Rb3 49. Nc1 Re3 50. Ra8 Re1 51. b3 Bf4 52. Na2 Re2+ 53. Kb1 0-1

[Event "UKR Universiad B1 8th"]
[Site "Evpatoria"]
[Date "2007.06.10"]
[Round "7"]
[White "Smirnov, Igor"]
[Black "Areshchenko, Alexander"]
[Result "1/2-1/2"]
[WhiteElo "2439"]
[BlackElo "2644"]
[PlyCount "76"]
[EventDate "2007.06.07"]
[EventType "swiss"]
[EventRounds "7"]
[EventCountry "UKR"]
[SourceTitle "CBM 119 Extra"]
[Source "ChessBase"]
[SourceDate "2007.09.04"]
[SourceVersion "1"]
[SourceVersionDate "2007.09.04"]
[SourceQuality "1"]

1. e4 c5 2. Nf3 d6 3. d4 cxd4 4. Nxd4 Nf6 5. Nc3 a6 6. Be3 e5 7. Nf3 Be7 8. Bc4 0-0 9. 0-0 Nc6 10. Bb3 Na5 11. Qe2 h6 12. Rfd1 Nxb3 13. axb3 Qe8 14. Nd2 b5 15. Nxb5 Bg4 16. f3 Bxf3 17. Qxf3 axb5 18. Nf1 Kh7 19. Ng3 g6 20. c3 Qc6 21. Rxa8 Rxa8 22. h4 Qd7 23. h5 Qe6 24. b4 Ra2 25. Bc1 Kg7 26. Qe2 Qd7 27. Rf1 Qg4 28. Qe3 Kg8 29. Qd3 Ra1 30. hxg6 fxg6 31. Bxh6 Rxf1+ 32. Kxf1 d5 33. exd5 e4 34. Qe3 Qd1+ 35. Qe1 Qb3 36. Kg1 Bd6 37. Nf1 Ng4 38. Qd2 Bc7 1/2-1/2

[Event "UKR Universiad B1 8th"]
[Site "Evpatoria"]
[Date "2007.06.08"]
[Round "3"]
[White "Vypkhaniuk, Igor"]
[Black "Smirnov, Igor"]
[Result "1/2-1/2"]
[WhiteElo "2270"]
[BlackElo "2439"]
[PlyCount "41"]
[EventDate "2007.06.07"]
[EventType "swiss"]
[EventRounds "7"]
[EventCountry "UKR"]
[SourceTitle "CBM 119 Extra"]
[Source "ChessBase"]
[SourceDate "2007.09.04"]
[SourceVersion "1"]
[SourceVersionDate "2007.09.04"]
[SourceQuality "1"]

1. Nf3 Nf6 2. c4 d6 3. d4 Nbd7 4. Nc3 c6 5. e4 e5 6. Be2 Be7 7. 0-0 a6 8. Be3 b5 9. a3 0-0 10. Qc2 Bb7 11. Rfd1 Qc7 12. Rac1 Rac8 13. Qb1 Qb8 14. dxe5 dxe5 15. b4 Rfd8 16. c5 Nf8 17. Qa2 Ne6 18. Ng5 Nxg5 19. Bxg5 a5 20. Rxd8+ Rxd8 21. Rd1 1/2-1/2

[Event "UKR-ch qual"]
[Site "Alushta"]
[Date "2007.05.18"]
[Round "8"]
[White "Pavlov, Maxim"]
[Black "Smirnov, Igor"]
[Result "1/2-1/2"]
[WhiteElo "2325"]
[BlackElo "2433"]
[PlyCount "71"]
[EventDate "2007.05.11"]
[EventType "swiss"]
[EventRounds "9"]
[EventCountry "UKR"]
[SourceTitle "EXT 2008"]
[Source "ChessBase"]
[SourceDate "2007.11.25"]
[SourceVersion "1"]
[SourceVersionDate "2007.11.25"]
[SourceQuality "1"]

1. e4 c5 2. Nf3 e6 3. d4 cxd4 4. Nxd4 a6 5. c4 Nf6 6. Nc3 Bb4 7. Qc2 Qc7 8. a3 Bxc3+ 9. Qxc3 0-0 10. Bd3 d6 11. 0-0 e5 12. Ne2 Be6 13. f3 Qc5+ 14. Kh1 Rc8 15. Bg5 Nbd7 16. Rac1 a5 17. Qd2 Qb6 18. Be3 Nc5 19. Bb1 Qa6 20. Ba2 Ncd7 21. Rc3 Rc6 22. Rd1 Rac8 23. a4 Bxc4 24. Bxc4 Rxc4 25. Qxd6 Qxd6 26. Rxd6 Kf8 27. Kg1 Ke7 28. Rd1 Rxc3 29. Nxc3 Rc4 30. g4 Ke6 31. g5 Ne8 32. Rd5 b6 33. Kf1 Nd6 34. Nb5 Nxb5 35. Rxb5 Rxa4 36. Bxb6 1/2-1/2

[Event "UKR-ch qual"]
[Site "Alushta"]
[Date "2007.05.15"]
[Round "5"]
[White "Smirnov, Igor"]
[Black "Berezka, Alexandr"]
[Result "1-0"]
[WhiteElo "2433"]
[BlackElo "2239"]
[PlyCount "139"]
[EventDate "2007.05.11"]
[EventType "swiss"]
[EventRounds "9"]
[EventCountry "UKR"]
[SourceTitle "EXT 2008"]
[Source "ChessBase"]
[SourceDate "2007.11.25"]
[SourceVersion "1"]
[SourceVersionDate "2007.11.25"]
[SourceQuality "1"]

1. e4 c5 2. Nf3 a6 3. c4 d6 4. d4 cxd4 5. Nxd4 Nf6 6. Nc3 Nc6 7. Be2 e5 8. Nc2 Be7 9. 0-0 0-0 10. Be3 Be6 11. f3 Ne8 12. Qd2 h6 13. g3 f5 14. exf5 Bxf5 15. Bd3 Bxd3 16. Qxd3 Bg5 17. Bf2 Qd7 18. Rad1 Qf7 19. Kg2 Rc8 20. b3 Nd8 21. Nb4 Ne6 22. Ne4 Be7 23. Nd5 Bd8 24. Be3 Qd7 25. a4 Kh8 26. Rf2 Rb8 27. Nb6 Qc6 28. a5 Bc7 29. Qd5 Qxd5 30. cxd5 Bxb6 31. axb6 Nd8 32. Rc2 Rf7 33. Rdc1 Kg8 34. f4 Kf8 35. fxe5 dxe5 36. Bc5+ Kg8 37. Nd6 Re7 38. Nxe8 Rxe8 39. Bd6 Ra8 40. Bc7 Re7 41. Kf3 Nf7 42. h4 Rd7 43. Ke4 Re8 44. Rc3 Nd6+ 45. Bxd6 Rxd6 46. Rc8 Kf8 47. Rxe8+ Kxe8 48. Rc8+ Ke7 49. Rc7+ Kf6 50. Rxb7 a5 51. g4 g6 52. Rc7 Rxb6 53. Rc6+ Rxc6 54. dxc6 Ke6 55. g5 hxg5 56. hxg5 Kd6 57. c7 Kxc7 58. Kxe5 Kc6 59. Kf6 Kb5 60. Kxg6 Kb4 61. Kf5 Kxb3 62. g6 a4 63. g7 a3 64. g8Q+ Kb2 65. Qg2+ Kb3 66. Qf3+ Kb2 67. Qe2+ Kb1 68. Qd1+ Kb2 69. Qd2+ Kb1 70. Qb4+ 1-0

[Event "UKR-ch qual"]
[Site "Alushta"]
[Date "2007.05.14"]
[Round "4"]
[White "Alexeev, Alexey"]
[Black "Smirnov, Igor"]
[Result "1-0"]
[WhiteElo "2318"]
[BlackElo "2433"]
[PlyCount "73"]
[EventDate "2007.05.11"]
[EventType "swiss"]
[EventRounds "9"]
[EventCountry "UKR"]
[SourceTitle "EXT 2008"]
[Source "ChessBase"]
[SourceDate "2007.11.25"]
[SourceVersion "1"]
[SourceVersionDate "2007.11.25"]
[SourceQuality "1"]

1. e4 c5 2. Nf3 e6 3. c3 d5 4. exd5 exd5 5. d4 Nc6 6. Bb5 Bd6 7. dxc5 Bxc5 8. 0-0 Nge7 9. Nbd2 0-0 10. Nb3 Bd6 11. Re1 Bg4 12. Be2 Qc7 13. h3 Bh5 14. Nfd4 Bxe2 15. Rxe2 a6 16. Bg5 Ng6 17. Nf5 Bh2+ 18. Kh1 Bf4 19. Bxf4 Nxf4 20. Re3 g6 21. Qg4 Rae8 22. Rae1 Nd3 23. R1e2 Rxe3 24. Nxe3 Qe5 25. Nd1 Qf6 26. Rd2 Nde5 27. Qe2 Qf5 28. Rxd5 Qb1 29. Nc5 b6 30. Ne4 f5 31. Nd6 Rd8 32. f4 Qxa2 33. c4 Nxc4 34. Qe6+ Kg7 35. Qf7+ Kh6 36. Nxf5+ gxf5 37. Qf6+ 1-0

[Event "UKR-ch qual"]
[Site "Alushta"]
[Date "2007.05.11"]
[Round "1"]
[White "Smirnov, Igor"]
[Black "Baranov, Jury"]
[Result "1/2-1/2"]
[WhiteElo "2433"]
[BlackElo "2221"]
[PlyCount "176"]
[EventDate "2007.05.11"]
[EventType "swiss"]
[EventRounds "9"]
[EventCountry "UKR"]
[SourceTitle "EXT 2008"]
[Source "ChessBase"]
[SourceDate "2007.11.25"]
[SourceVersion "1"]
[SourceVersionDate "2007.11.25"]
[SourceQuality "1"]

1. e4 c6 2. d4 d5 3. e5 Bf5 4. Be3 e6 5. Nd2 Nd7 6. Be2 f6 7. Ngf3 fxe5 8. Nxe5 Nxe5 9. dxe5 Qc7 10. f4 Ne7 11. 0-0 c5 12. c3 Nc6 13. Bh5+ g6 14. Be2 h5 15. a3 Be7 16. b4 c4 17. h3 h4 18. Nf3 0-0-0 19. Nd4 Nxd4 20. Qxd4 b6 21. a4 Rd7 22. Kh2 Rg8 23. Bg4 Bxg4 24. hxg4 g5 25. a5 Kb7 26. axb6 axb6 27. Ra2 Rdd8 28. Rfa1 Ra8 29. Rxa8 Rxa8 30. Rxa8 Kxa8 31. fxg5 Bd8 32. Qf4 Qg7 33. Kh3 Kb8 34. Kxh4 Kc8 35. Kg3 Bc7 36. Bd4 Bd8 37. Qf1 Bxg5 38. Qa1 Kb7 39. b5 Bd8 40. Qf1 Bg5 41. Qa1 Bd8 42. Qf1 Bg5 43. Qf3 Qh7 44. Kf2 Qc2+ 45. Kg1 Qb1+ 46. Qf1 Qg6 47. Qa1 Bd8 48. Qf1 Bg5 49. Qa1 Qh7 50. Qf1 Bd8 51. Qc1 Qg6 52. Qf4 Bg5 53. Qf1 Qh7 54. Qe2 Qb1+ 55. Qf1 Qh7 56. Qe2 Qb1+ 57. Qf1 Qh7 58. Qd1 Qe4 59. Qf3 Qb1+ 60. Kf2 Qc2+ 61. Qe2 Qh7 62. Kg1 Qb1+ 63. Qf1 Qh7 64. Qa1 Bd8 65. Qc1 Qg6 66. Qf4 Bg5 67. Qf8 Qb1+ 68. Kf2 Qc2+ 69. Kg3 Qd3+ 70. Kh2 Qh7+ 71. Kg1 Qb1+ 72. Qf1 Qh7 73. Qa1 Bd8 74. Qd1 Bg5 75. Qa1 Bd8 76. Qd1 Bg5 77. Qf1 Qg6 78. g3 Be7 79. Qf3 Qb1+ 80. Kg2 Qc2+ 81. Qf2 Qe4+ 82. Qf3 Qc2+ 83. Bf2 Qg6 84. Bd4 Qc2+ 85. Qf2 Qe4+ 86. Qf3 Qc2+ 87. Kg1 Qb1+ 88. Kh2 Qh7+ 1/2-1/2